000 00608nam a2200229Ia 4500
003 OSt
005 20220918230010.0
006 a|||||r|||| 00| 0
007 ta
008 220917b |||||||| |||| 00| 0 eng d
024 _a247,669
037 _cTextual
040 _aARTS
_cARTS
_beng
041 _2eng
_aeng
082 _aO15,1I83x, J1
100 _aDeen Bhagwandeen
_9151673
245 0 _aSoor panchratan
260 _aAllahbada
_bRamLal Prakash India
_c1951
650 _aENGLISH LITERATURE
942 _hO15,1I83x, J1
_cTEXL
_2CC
999 _c286715
_d286715